000 00901nam a2200301Ia 4500
003 OSt
005 20221006141636.0
006 a|||||r|||| 00| 0
007 ta
008 221006b |||||||| |||| 00| 0 eng d
020 _a9780195076035
_c
_17.95
024 _a3,688
037 _cTextual
040 _aEASL
_cEASL
_beng
041 _2eng
_aeng
082 _aX8(A).495.N8, N2
100 _aAMSDEN Alice H.
_9322056
245 0 _aAsia's next giant
_b South Korea and late industrialization
260 _aNew York
_bOxford University Press
_c1992
300 _a379p.
_ccm.
490 _v KEL
650 _a Industry and state - Korea - South
_9645944
650 _a KEL
650 _a Korea - South - Economic conditions
_9645945
650 _aKorea - South - Industries
_9645946
942 _hX8(A).495.N8, N2
_cTEXL
_2CC
999 _c1071774
_d1071774